| 000 | 00372cam a2200157ua 4500 | ||
|---|---|---|---|
| 003 | OSt | ||
| 008 | 241218b |||||||| |||| 00| 0 eng d | ||
| 041 | _aeng | ||
| 082 |
_a621.31 _bCON/TR |
||
| 100 |
_aConnelly, F C . _96496 |
||
| 245 | _aTransformers / | ||
| 250 | _a1 / | ||
| 260 |
_aLondon : _bSir Isaac Pitman & Sons Ltd , _c1962. |
||
| 300 | _a490 ; . | ||
| 942 | _cBK | ||
| 999 |
_c1948 _d1948 |
||